01394cam a2200397Ia 4500003000400000005001700004008004100021020002100062020002400083020002100107020002400128020002300152020002600175035001200201035001600213035002000229040002000249050002300269082001200292100002300304245017300327250001400500260004400514300009200558490004000650500002000690521002000710650005700730650003100787650004900818700001800867700001800885710001800903710003400921830004100955OSt20210617090003.0990218s1999 wiuab 001 0 eng d a0669467731 (hdc) a9780669467734 (hdc) a066946774X (pbk) a9780669467741 (pbk) a0669467758 (guide) a9780669467758 (guide) a3460737 aocm40814512 a(OCoLC)40814512 aIOTcIOTdBTCTA 4aPE1112b.S365 1999 4a372.6231 aSebranek, Patrick.10aWrite source 2000 :ba guide to writing, thinking and learning /cwritten and compiled by Patrick Sebranek, Dave Kemper, and Verne Meyer ; illustrated by Chris Krenzke. a[4th ed.] aWilmington, MA :bWrite Source,cc1999. ax, 542 p. :bill. (some col.), col. maps ;c24 cm. + teacher's guide (268 p. ; 28 cm.).1 aWrite Source language series ;v6-8 aIncludes index.2 aFor grades 6-8. 0aEnglish languagexStudy and teaching (Middle school) 0aEnglish languagexWriting. 0aEnglish languagexComposition and exercises.1 aKemper, Dave.1 aMeyer, Verne.2 aWrite Source.2 aGreat Source Education Group. 0aWrite Source language series ;v6-8.